Procesný prístup a vedenie ľudí

Procesný prístup v manažmente organizácie. Vymedzenie pojmu a popis procesu. Funkčný verzus procesný prístup v manažmente organizácie. Vedenie ľudí v procesne riadenej organizácii. Tímová práca v procesne riadenej organizácii.

Na minha lista:
Detalhes bibliográficos
Autor principal: Papulová, Zuzana
Outros Autores: Papula, Ján
Formato: Capítulo de Livro
Idioma:eslovaco
Assuntos:
Tags: Adicionar Tag
Sem tags, seja o primeiro a adicionar uma tag!

MARC

LEADER 00000naa$a2200000$$$4500
001 0058091
005 20230918090248.9
041 0 |a slo 
044 |a SK 
245 1 0 |a Procesný prístup a vedenie ľudí  |c Zuzana Papulová, Ján Papula 
520 |a Procesný prístup v manažmente organizácie. Vymedzenie pojmu a popis procesu. Funkčný verzus procesný prístup v manažmente organizácie. Vedenie ľudí v procesne riadenej organizácii. Tímová práca v procesne riadenej organizácii. 
610 2 0 |a vedenie ľudí 
610 2 0 |a riadenie procesné 
610 2 0 |a riadenie ľudských zdrojov 
610 2 0 |a organizácie procesné 
610 2 0 |a manažment 
100 1 |a Papulová, Zuzana 
700 1 |a Papula, Ján